000 00691nam a2200289Ia 4500
005 20260324124624.0
008 008 260324s9999 xx 000 0 eng d
020 _a9781315596037
037 _aEBOOK
040 _aCRL
040 _beng
040 _cCRL
041 _2eng
041 _aeng
084 _qCRL
100 _aJohn Haldon
_9872454
245 0 _aMoney, Power and Politics in Early Islamic Syria
245 2 _bA Review of Current Debates
260 _bTaylor and Francis
260 _c2010
365 _a
365 _b240
856 _uhttp://www.taylorfrancis.com/books/9781315596037
942 _cEBOOK
999 _c1769396
_d1769396